000
00221nam a2200097Ia 4500
008
170619s9999 xx 000 0 und d
100
_a
Yourden- Edward
245
0
_a
MODERN STRUCTURED ANALYSIS
260
_b
P H I
260
_c
2001
546
_a
ENGLISH
999
_c
18899
_d
18899